[Event "25th Open"]
[Site "Oberwart AUT"]
[Date "2003.07.06"]
[Round "2"]
[White "Kiss,At"]
[Black "Zsifkovits,R"]
[Result "1-0"]
[WhiteElo "2409"]
[BlackElo "2118"]

1.Nf3 d5 2.c4 c6 3.d4 e6 4.Nbd2 f5 5.g3 Nf6 6.Bg2 Bd6 7.O-O O-O 8.b3 Qe7
9.Bb2 Bd7 10.Ne5 Be8 11.Ndf3 Nbd7 12.Nd3 Ne4 13.a4 Rf6 14.Qc1 Rh6 15.Ba3 Bh5
16.Bxd6 Qxd6 17.Re1 Re8 18.c5 Qe7 19.Nfe5 Nef6 20.b4 Nxe5 21.dxe5 Nd7 22.Qe3 g5
23.Rab1 Rg6 24.b5 Nb8 25.Rb2 Rc8 26.Reb1 Rc7 27.b6 axb6 28.cxb6 Rc8 29.Nc5 Rg7
30.Qd4 Bg6 31.Rc1 h5 32.e3 h4 33.Bf1 hxg3 34.fxg3 Bh5 35.a5 Rf8 36.Rf2 Rgf7
37.Rc3 Rh7 38.Bd3 Rhf7 39.Bf1 Rg7 40.a6 bxa6 41.Nxa6 Nxa6 42.Bxa6 Be8 43.Bc8 Bd7
44.b7 Rxc8 45.bxc8=Q+ Bxc8 46.Rxc6  1-0

[Event "25th Open"]
[Site "Oberwart AUT"]
[Date "2003.07.06"]
[Round "2"]
[White "Weiss,C"]
[Black "Sprenger,W"]
[Result "1-0"]
[WhiteElo "2405"]
[BlackElo "2110"]

1.Nf3 d5 2.c4 c6 3.e3 Nf6 4.Nc3 Nbd7 5.d4 e6 6.Be2 dxc4 7.a4 Bb4 8.Bxc4 O-O
9.O-O Qe7 10.Qb3 a5 11.Rd1 e5 12.Bf1 e4 13.Nd2 Nb6 14.Qc2 Re8 15.f3 Bf5 16.Ndxe4 Nxe4
17.fxe4 Bxe4 18.Nxe4 Qxe4 19.Bd3 Qh4 20.Rf1 Rad8 21.g3 Qh3 22.e4 c5 23.Bb5 Re7
24.dxc5 Nd7 25.Bg5 Bxc5+ 26.Kh1 f6 27.Bf4 b6 28.Rad1 Rc8 29.Bd6 Ree8 30.Bxc5 Nxc5
31.Bxe8 Rxe8 32.Qc4+ Qe6 33.Qxe6+ Rxe6 34.Rd4 Nxe4 35.Kg2 Kf7 36.Rd7+ Kg6
37.Re1 f5 38.Re2 Kf6 39.Rb7 Rd6 40.Rb8 Ke5 41.g4 Rg6 42.Kf1 Rxg4 43.Rxb6 f4
44.Rg2 Rh4 45.b4 f3 46.Rb5+ Kd4 47.Ra2 Nc3 48.bxa5 Nxa2 49.a6 Ke3 50.Re5+ Kd3
51.Ra5 Rc4 52.a7 Ke3 53.Re5+ Kf4 54.a8=Q Kxe5 55.Qe8+ Kd4 56.Qd7+ Ke3 57.Qe6+ Kd4
58.Qg4+ Kc5 59.Qxg7 Nc3 60.Kf2 Nd5 61.a5 Rc2+ 62.Kxf3 Rc3+ 63.Kf2 Rc2+ 64.Ke1 Ra2
65.Qa7+ Kb5 66.Qd4 Nb4 67.Qb6+ Kc4 68.h4 h5 69.Kf1 Nd5 70.Qc6+ Kd4 71.a6 Ra1+
72.Kf2 Ra2+ 73.Ke1 Ra1+ 74.Kd2 Ra2+ 75.Kc1 Nc3 76.Qf6+ Kc4 77.Qf7+ Kd3 78.Qh7+ Ne4
79.a7 Kd4 80.Qd7+ Kc3 81.Qc8+ Kb3 82.Qb7+  1-0

[Event "1st Stage Russian Cup"]
[Site "Tomsk RUS"]
[Date "2003.07.06"]
[Round "3"]
[White "Sambuev,B"]
[Black "Guempel,V"]
[Result "1-0"]
[WhiteElo "2496"]
[BlackElo "2343"]

1.Nf3 d5 2.c4 c6 3.e3 Nf6 4.Qc2 Bg4 5.Ne5 Be6 6.b3 g6 7.Bb2 Bg7 8.d3 O-O
9.Nd2 Nbd7 10.Be2 Nxe5 11.Bxe5 Qd7 12.Qb2 b6 13.O-O Rfd8 14.h3 Ne8 15.Nf3 f6
16.Bh2 c5 17.cxd5 Bxd5 18.Rac1 e5 19.a3 a5 20.Nd2 Qb7 21.e4 Bf7 22.f4 exf4
23.Bxf4 Qe7 24.Nc4 b5 25.Nb6 Ra6 26.Nd5 Bxd5 27.exd5 Rxd5 28.a4 f5 29.Qc2 Re6
30.Bf3 Rd4 31.Bd2 Qd7 32.Rfe1 Red6 33.Kh1 Rxd3 34.Bxa5 Bh6 35.Rcd1 Rxd1 36.Rxd1 Rxd1+
37.Qxd1 Qxd1+ 38.Bxd1 bxa4 39.bxa4 c4 40.Be2 Nd6 41.Bb4 c3 42.Bxc3 Kf7 43.Bd4 Ke6
44.a5 Kd5 45.a6 Kc6 46.g3 Bd2 47.Bc5  1-0

[Event "1st Stage Russian Cup"]
[Site "Tomsk RUS"]
[Date "2003.07.06"]
[Round "3"]
[White "Odinokov,N"]
[Black "Fominyh,A"]
[Result "0-1"]
[WhiteElo "2339"]
[BlackElo "2520"]

1.Nf3 d5 2.c4 d4 3.g3 Nc6 4.Bg2 e5 5.d3 Nf6 6.O-O a5 7.e3 Be7 8.exd4 exd4
9.Na3 Nd7 10.Nc2 Nc5 11.b3 Bf5 12.Nfe1 h5 13.Bb2 Ne6 14.Bxc6+ bxc6 15.Qf3 Bh3
16.Qxc6+ Kf8 17.Ng2 Rh6 18.Qd5 c5 19.Qxd8+ Nxd8 20.Rfe1 g5 21.a3 Bf5 22.Red1 Nc6
23.b4 Re6 24.Rd2 cxb4 25.axb4 Bxb4 26.Nxb4 Nxb4 27.Bxd4 Nxd3 28.Ne3 Bg6 29.Rda2 Ne5
30.Bc5+ Kg7 31.Rxa5 Nf3+ 32.Kg2 Rxa5 33.Rxa5 Be4 34.h3 Rc6 35.Bb4 Kg6 36.Bc3 Rb6
37.Ra1 Rb3 38.Ba5 f5 39.Kf1 f4 40.gxf4 gxf4 41.Nd5 Kf5 42.Bc7 Nd2+ 43.Ke2 Rb2
44.Kd1 Nb3  0-1

[Event "1st Stage Russian Cup"]
[Site "Tomsk RUS"]
[Date "2003.07.07"]
[Round "4"]
[White "Chubakov,A"]
[Black "Karpov,Vi"]
[Result "1/2-1/2"]
[WhiteElo "2362"]
[BlackElo "2169"]

1.Nf3 d5 2.c4 c6 3.b3 e6 4.Bb2 Nf6 5.g3 Nbd7 6.Bg2 Bd6 7.O-O e5 8.d3 O-O
9.Nbd2 Qe7 10.cxd5 cxd5 11.e4 d4 12.Nc4 Bc5 13.a3 a5 14.Qd2 a4 15.b4 Ba7
16.Rac1 b5 17.Na5 Bb6 18.Nc6 Qe6 19.Nh4 g6 20.f4 Bb7 21.fxe5 Nxe5 22.Bh3 Qxh3
23.Nxe5 Qe6 24.Nhf3 Nh5 25.g4 f6 26.gxh5 fxe5 27.Qg5 Rae8 28.hxg6 Qxg6 29.Qxg6+ hxg6
30.Rc2 Bxe4 31.dxe4 d3+ 32.Rc5 Rc8  1/2-1/2

[Event "1st Stage Russian Cup"]
[Site "Tomsk RUS"]
[Date "2003.07.08"]
[Round "5"]
[White "Odinokov,N"]
[Black "Akselrod,V"]
[Result "0-1"]
[WhiteElo "2339"]
[BlackElo "2437"]

1.Nf3 d5 2.c4 d4 3.b4 g6 4.g3 Bg7 5.d3 e5 6.Bg2 Ne7 7.O-O O-O 8.Nbd2 c6 9.Nb3 Na6
10.Bd2 Nc7 11.a4 Ne6 12.Qc1 f6 13.Rd1 Nf5 14.Qc2 Rf7 15.c5 Ne7 16.Na5 Nd5
17.Nc4 Bf8 18.e4 dxe3 19.fxe3 g5 20.Rf1 Rg7 21.Rf2 Rg6 22.Raf1 Be7 23.e4 Ndc7
24.Bc3 a5 25.Nxa5 Rxa5 26.bxa5 Bxc5 27.Kh1 Bxf2 28.Rxf2 Rg7 29.Bf1 Nd4 30.Nxd4 exd4
31.Bb2 Be6 32.Qc5 Rd7 33.Qb6 Ne8 34.Ba3 Kg7 35.Rb2 Qxb6 36.axb6 Rd8 37.Bc5 Ra8
38.Bxd4 Rxa4 39.Bc5 Ra5 40.d4 Ra1 41.Kg2 f5 42.Rf2 fxe4 43.Rf8 Bf7 44.Bc4 Bxc4
45.Rxe8 Kg6 46.Re7 Ra2+ 47.Kg1 Bd5 48.Rxb7 e3 49.Ra7 Rg2+ 50.Kf1 Rf2+ 51.Kg1 Rg2+
52.Kf1 e2+  0-1

[Event "13th S&WYM"]
[Site "Millfield School ENG"]
[Date "2003.07.10"]
[Round "2"]
[White "Broomfield,M"]
[Black "Sinkevich,P"]
[Result "1-0"]
[WhiteElo "2249"]
[BlackElo "2313"]

1.Nf3 d5 2.c4 c6 3.e3 Nf6 4.Nc3 e6 5.b3 Nbd7 6.Bb2 Bd6 7.Qc2 Qe7 8.Rg1 e5
9.cxd5 Nxd5 10.Ne4 Ba3 11.g4 a5 12.Bc4 Bxb2 13.Qxb2 O-O 14.a3 Re8 15.Rc1 Nf8
16.h4 Kh8 17.h5 f5 18.gxf5 Bxf5 19.h6 gxh6 20.Ng3 Bg6 21.Rh1 Qf6 22.Nh4 Rad8
23.Nxg6+ Nxg6 24.Rxh6 Rf8 25.Ne4 Qf3 26.Rxh7+ Kg8 27.Qb1 Rf5 28.Rh2 Qg4 29.Ng3 Rg5
30.e4 Nh4 31.Be2 Nf3+ 32.Bxf3 Qxf3 33.exd5 Rxg3 34.Qh7+ Kf8 35.fxg3  1-0

[Event "32nd TCh-GRE"]
[Site "Kallithea Chalkidiki GRE"]
[Date "2003.07.11"]
[Round "9"]
[White "Zysk,R"]
[Black "Gavrilakis,N"]
[Result "1-0"]
[WhiteElo "2436"]
[BlackElo "2399"]

1.Nf3 d5 2.c4 d4 3.g3 g6 4.Bg2 Bg7 5.d3 e5 6.O-O Ne7 7.Nbd2 O-O 8.b4 c6 9.a4 h6
10.Ba3 f5 11.b5 g5 12.Qb3 Be6 13.Qb4 Ng6 14.bxc6 Nxc6 15.Qxb7 Bd7 16.Rab1 Rf6
17.Qb3 Na5 18.Qa2 Rc8 19.Ne1 Ra6 20.Nc2 Nc6 21.Nb3 Bf8 22.Nc5 Bxc5 23.Bxc5 Qa5
24.Bd5+ Kh8 25.Bd6 Nd8 26.Qa3 Qxa4 27.Bxe5+  1-0

[Event "Open A"]
[Site "Poznan POL"]
[Date "2003.07.11"]
[Round "6"]
[White "Bardeli,L"]
[Black "Hasinski,K"]
[Result "1/2-1/2"]
[WhiteElo "2307"]
[BlackElo "2107"]

1.Nf3 d5 2.c4 c6 3.b3 Bg4 4.g3 Bxf3 5.exf3 dxc4 6.bxc4 e6 7.Bb2 Nf6 8.Be2 c5
9.O-O Nc6 10.Na3 Be7 11.Rb1 Rb8 12.Nc2 e5 13.f4 exf4 14.d4 cxd4 15.Nxd4 fxg3
16.hxg3 O-O 17.Nf5 Qxd1 18.Rfxd1 Bc5 19.Bf3 Rfd8 20.Rxd8+ Rxd8 21.Bxf6 gxf6
22.Rxb7 Nd4 23.Nxd4 Rxd4 24.Bd5 Rd1+ 25.Kg2 Rd2 26.Bxf7+ Kf8 27.g4 Rxf2+
28.Kg3 f5 29.gxf5 Rxf5 30.Be6 Rf6 31.Bd5 h6 32.Kg4 Bb6 33.a4 Ke8 34.a5 Bxa5
35.c5 Kd8 36.Rxa7 Bc7 37.Ra4 Kd7 38.c6+  1/2-1/2

[Event "25th Open"]
[Site "Oberwart AUT"]
[Date "2003.07.12"]
[Round "8"]
[White "Rashkovsky,N"]
[Black "Fercec,N"]
[Result "1-0"]
[WhiteElo "2510"]
[BlackElo "2440"]

1.Nf3 d5 2.c4 d4 3.e4 dxe3 4.fxe3 g6 5.Nc3 Bg7 6.d4 Nf6 7.e4 O-O 8.e5 Ng4
9.h3 Nh6 10.g4 f6 11.Bg2 Nf7 12.O-O f5 13.gxf5 Bxf5 14.Qe2 e6 15.Be3 c5 16.Rad1 cxd4
17.Nxd4 Qe7 18.Ne4 Nd7 19.Nd6 Ndxe5 20.Nxb7 Rab8 21.Nxf5 exf5 22.Bc5 Qc7
23.Bxf8 Bxf8 24.b3 Rxb7 25.Bxb7 Qxb7 26.Rd5 Nd7 27.Qg2 Bg7 28.Rfd1 Nf8 29.c5 Qc7
30.b4 a6 31.a4 h6 32.b5 axb5 33.axb5 Ng5 34.b6 Qe7 35.Kh1 f4 36.Rxg5 hxg5
37.c6 Ne6 38.Qe4 Kf7 39.b7 Qa3 40.Qd3 Qa7 41.Qb3 Qf2 42.b8=Q f3 43.Qb2  1-0

[Event "1st Stage Russian Cup"]
[Site "Tomsk RUS"]
[Date "2003.07.12"]
[Round "9"]
[White "Odinokov,N"]
[Black "Mikhalchenko,P"]
[Result "0-1"]
[WhiteElo "2339"]
[BlackElo "2188"]

1.Nf3 d5 2.c4 c6 3.g3 Nf6 4.Bg2 Bf5 5.b3 e6 6.O-O Be7 7.Bb2 O-O 8.d3 h6 9.Nbd2 Bh7
10.Qc2 a5 11.a3 c5 12.e4 dxe4 13.Nxe4 Nc6 14.Rad1 b6 15.Ne5 Nd4 16.Bxd4 Qxd4
17.Nc6 Qd7 18.Nxe7+ Qxe7 19.Nxf6+ Qxf6 20.Bxa8 Rxa8 21.Rfe1 Bf5 22.Qe2 Qc3
23.b4 axb4 24.axb4 cxb4 25.Qe3 b3 26.Qd2 Qf6 27.Rb1 Ra2 28.Qe3 b2 29.f4 Qc3
30.Red1 Ra1 31.Kf2 Rxb1  0-1

[Event "1st Stage Russian Cup"]
[Site "Tomsk RUS"]
[Date "2003.07.12"]
[Round "9"]
[White "Panov,I"]
[Black "Lomako,A"]
[Result "1-0"]
[WhiteElo "2303"]
[BlackElo "2168"]

1.Nf3 d5 2.c4 c6 3.d4 e6 4.g3 f5 5.Bg2 Nf6 6.O-O Bd6 7.Nc3 O-O 8.Qc2 Ne4
9.Be3 Nd7 10.Nd2 Ndf6 11.Ndxe4 fxe4 12.f3 e5 13.cxd5 exf3 14.exf3 Nxd5 15.Nxd5 cxd5
16.Qb3 Be6 17.dxe5 Bxe5 18.f4 Bf6 19.Rad1 Qe7 20.Bxd5 Rfe8 21.Bxe6+ Qxe6
22.Qxe6+ Rxe6 23.Bd4 Bxd4+ 24.Rxd4 Re7 25.Rf2 Rc8 26.Kg2 Kf7 27.g4 Rc1 28.Rfd2 Rce1
29.Rd7 Re4 30.Rxe7+ Rxe7 31.Kf3 Rc7 32.h4 Re7 33.h5 h6 34.g5 hxg5 35.fxg5 Rc7
36.Rd4 Ke6 37.Kf4 Rf7+ 38.Kg4 Rf2 39.Re4+ Kd6 40.Rf4 Rg2+ 41.Kf5  1-0

[Event "ch-BEL"]
[Site "Eupen BEL"]
[Date "2003.07.13"]
[Round "9"]
[White "Dgebuadze,A"]
[Black "Dutreeuw,M"]
[Result "1-0"]
[WhiteElo "2553"]
[BlackElo "2316"]

1.Nf3 d5 2.c4 e6 3.e3 Nf6 4.Nc3 Be7 5.d4 O-O 6.Bd3 c5 7.O-O Nc6 8.b3 cxd4
9.exd4 b6 10.Bb2 Bb7 11.Rc1 Rc8 12.Re1 Qd6 13.a3 Rfd8 14.Ne2 Ne4 15.Ng3 Nxg3
16.c5 bxc5 17.dxc5 Qf4 18.hxg3 Qg4 19.b4 a6 20.Qe2 Ra8 21.Qc2 h6 22.Ne5 Nxe5
23.Bxe5 Rdc8 24.f3 Qg5 25.Qf2 Bc6 26.f4 Qg4 27.Be2 Qg6 28.g4 Rf8 29.Bd1 a5
30.Rc3 axb4 31.axb4 Ba4 32.Bc2 Qxg4 33.Rg3 Bxc2 34.Rxg4  1-0

[Event "Open"]
[Site "Montpellier FRA"]
[Date "2003.07.13"]
[Round "7"]
[White "Kosten,A"]
[Black "Olarasu,G"]
[Result "1-0"]
[WhiteElo "2514"]
[BlackElo "2305"]

1.Nf3 d5 2.c4 c6 3.e3 Nf6 4.Qc2 e6 5.b3 Bd6 6.Bb2 O-O 7.Nc3 Nbd7 8.Be2 Re8
9.g4 Ne5 10.Nxe5 Bxe5 11.g5 Ne4 12.Nxe4 Bxb2 13.Qxb2 dxe4 14.Qe5 f5 15.h4 Bd7
16.f3 exf3 17.Bxf3 Qb8 18.d4 a5 19.Kf2 b6 20.Rhd1 Ra7 21.h5 c5 22.h6 Qxe5
23.dxe5 a4 24.Kg3 Kf8 25.Rac1 Ke7 26.Kf4 g6 27.Rd6 Rb8 28.Rcd1 axb3 29.axb3 Be8
30.Bc6 Bxc6 31.Rxc6 Rd7 32.Rdd6 Rxd6 33.exd6+ Kd7 34.Rc7+ Kxd6 35.Rxh7 b5
36.Rg7 bxc4 37.bxc4 Rb4 38.Rxg6 Rxc4+ 39.Kf3 Rh4 40.Rg7 c4 41.h7 c3 42.Ke2 Rh2+
43.Kd1 Kc5 44.g6 Kc4 45.Rg8 Rh1+ 46.Ke2 c2 47.Rc8+ Kb3 48.g7  1-0

[Event "ch-GBR"]
[Site "Edinburgh SCO"]
[Date "2003.07.14"]
[Round "1"]
[White "Gordon,S"]
[Black "Rutherford,E"]
[Result "1-0"]
[WhiteElo "2216"]
[BlackElo "2061"]

1.Nf3 d5 2.c4 dxc4 3.e3 Nf6 4.Bxc4 g6 5.O-O Bg7 6.d4 O-O 7.Nc3 Nbd7 8.e4 Nb6
9.Bb3 Bg4 10.Be3 Nfd7 11.h3 Bxf3 12.Qxf3 e5 13.d5 Nc8 14.Na4 Nd6 15.Nc5 Nxc5
16.Bxc5 Qh4 17.Qg4 Qxg4 18.hxg4 Bh6 19.f3 Bf4 20.Bf2 Kg7 21.Rad1 h5 22.g3 Bh6
23.gxh5 gxh5 24.Kg2 Rh8 25.Rd3 Rh7 26.a4 Kh8 27.Rh1 Bg5 28.Rc3 f6 29.g4 Rg8
30.Kf1 h4 31.Kg2 a6 32.Kh3 Rg6 33.Kg2 Kg8 34.Rc2 Rgh6 35.Rh3 Kf8 36.Bc4 Ke8
37.b4 Kd8 38.b5 axb5 39.Bxb5 Bf4 40.Be1 Nf7 41.Bd2 Bg5 42.Rh1 Nd6 43.Rb1 Nxb5
44.Rxb5 Bxd2 45.Rxd2 b6 46.d6 h3+ 47.Kh2 Kc8 48.dxc7 Rxc7 49.Rxb6 Rc3 50.Rf2 Kc7
51.Ra6 Kb7 52.Re6 Ra3 53.g5 Rh8 54.gxf6 Rxa4 55.Rxe5 Kc7 56.Rd2 Rf8 57.Rc5+  1-0

[Event "ch-GBR"]
[Site "Edinburgh SCO"]
[Date "2003.07.15"]
[Round "2"]
[White "Pritchett,C"]
[Black "Kafka,G"]
[Result "1-0"]
[WhiteElo "2314"]
[BlackElo "2170"]

1.Nf3 d5 2.c4 dxc4 3.e3 Nf6 4.Bxc4 e6 5.d4 b6 6.O-O Bb7 7.Nc3 Nbd7 8.Qe2 Be7
9.e4 O-O 10.Rd1 Bb4 11.Bd3 g6 12.a3 Be7 13.Bh6 Re8 14.Rac1 Bf8 15.Bg5 h6
16.Bf4 c6 17.h3 Qe7 18.Bh2 Bg7 19.e5 Nd5 20.Ne4 Red8 21.Nd6 Nf8 22.Qc2 Rab8
23.Nd2 Ba8 24.N2e4 Nh7 25.Bg3 Ng5 26.Nd2 h5 27.h4 Nh7 28.N2c4 Bh6 29.Rb1 Nf8
30.Ne4 Nh7 31.Ncd6 Kg7 32.b4 g5 33.hxg5 Nxg5 34.Rb3 h4 35.Bh2 Rg8 36.Qe2 Nxe4
37.Bxe4 Kf8 38.Qh5 Bf4 39.Rf3 Bxh2+ 40.Kxh2 f5 41.Bxf5  1-0

[Event "Women's"]
[Site "Saint Lo FRA"]
[Date "2003.07.16"]
[Round "8"]
[White "Tetenkina,I"]
[Black "Gutierrez Castillo,P"]
[Result "0-1"]
[WhiteElo "2247"]
[BlackElo "2136"]

1.Nf3 d5 2.c4 e6 3.g3 Nf6 4.Bg2 Be7 5.O-O O-O 6.b3 b6 7.Bb2 Bb7 8.d4 Nbd7
9.cxd5 Bxd5 10.Nc3 Bb7 11.Re1 c5 12.e4 cxd4 13.Nxd4 Bc5 14.Na4 Qe7 15.e5 Nd5
16.Nxc5 Nxc5 17.Ba3 Nc3 18.Qg4 Bxg2 19.Kxg2 Qb7+ 20.Qf3 Qxf3+ 21.Nxf3 Rfc8
22.Re3 Nd5 23.Re2 Nd3 24.Rd2 N3b4 25.Bxb4 Nxb4 26.Rd7 h6 27.a3 Nd5 28.Nd2 Rc3
29.Rb1 Rd3 30.Nc4 Nf4+ 31.gxf4 Rxd7 32.Nd6 Rc7 33.a4 Rc3 34.Nb5 Rd3 35.Nd6 f6
36.f3 fxe5 37.fxe5 Rf8 38.Rc1 Rxb3 39.Rc7 Rfxf3 40.Rxa7 Rfd3 41.Nc4 Rbc3
42.Rc7 Rc2+  0-1

[Event "ch-GBR"]
[Site "Edinburgh SCO"]
[Date "2003.07.17"]
[Round "4"]
[White "Pritchett,C"]
[Black "Pert,N"]
[Result "0-1"]
[WhiteElo "2314"]
[BlackElo "2483"]

1.Nf3 d5 2.c4 c6 3.e3 Nf6 4.d4 Bg4 5.Nc3 e6 6.h3 Bh5 7.Bd2 Nbd7 8.Qb3 Qb6
9.cxd5 Qxb3 10.axb3 exd5 11.Bd3 Bd6 12.Nh4 Bg6 13.Nxg6 hxg6 14.Ke2 a6 15.Na4 Ne4
16.Be1 O-O-O 17.f3 Ng3+ 18.Bxg3 Bxg3 19.f4 Rde8 20.Kf3 Bh4 21.g4 Be7 22.Nc3 g5
23.fxg5 Bxg5 24.e4 Kb8 25.Rae1 c5 26.exd5 Rxe1 27.Rxe1 Rxh3+ 28.Ke2 Re3+
29.Kd2 cxd4 30.Rxe3 Bxe3+ 31.Ke2 dxc3 32.Kxe3 cxb2 33.Kd2 Ne5 34.Be4 Kc7
35.Kc2 Kd6 36.g5 Nd7 37.Kxb2 Nb6 38.Bh7 Nxd5 39.g6 f5 40.Bg8  0-1

[Event "ch-GBR"]
[Site "Edinburgh SCO"]
[Date "2003.07.17"]
[Round "4"]
[White "Moore,G"]
[Black "Conquest,S"]
[Result "0-1"]
[WhiteElo "2252"]
[BlackElo "2560"]

1.Nf3 d5 2.c4 d4 3.g3 g6 4.Bg2 Bg7 5.d3 e5 6.O-O Ne7 7.Na3 O-O 8.Nc2 a5 9.b3 h6
10.a3 Be6 11.Nxe5 Bxe5 12.Bxh6 Re8 13.Bxb7 Ra7 14.Bg2 Nf5 15.Bd2 Nd7 16.b4 c5
17.bxa5 Bc7 18.Nb4 Ne5 19.Nd5 Bxa5 20.Bxa5 Rxa5 21.e4 dxe3 22.fxe3 Bxd5 23.Bxd5 Nxe3  0-1

[Event "Masters"]
[Site "Saint Lo FRA"]
[Date "2003.07.17"]
[Round "9"]
[White "Mateuta,G"]
[Black "Terrieux,K"]
[Result "1-0"]
[WhiteElo "2435"]
[BlackElo "2236"]

1.Nf3 d5 2.c4 e6 3.g3 Nf6 4.Bg2 Be7 5.O-O O-O 6.b3 c5 7.Bb2 Nc6 8.cxd5 Nxd5
9.Nc3 b6 10.Nxd5 exd5 11.d4 Be6 12.Qd2 Rc8 13.Rfd1 h6 14.Rac1 Qd7 15.dxc5 Bxc5
16.Ne5 Nxe5 17.Bxe5 Rfd8 18.Qb2 f5 19.b4 Bf8 20.a3 Qa4 21.Bf4 Bf7 22.h4 Rc4
23.Kh2 Rdc8 24.Qe5 Qxa3 25.Rxc4 dxc4 26.Qxf5 Re8 27.Rd7 Re7 28.Rd8 Re6 29.Bd5 g6
30.Qg4 Rf6 31.Bxf7+ Kxf7 32.Qd7+ Kg8 33.Be5  1-0

[Event "3rd Open"]
[Site "St Chely d'Aubrac FRA"]
[Date "2003.07.17"]
[Round "7"]
[White "Duffau,P"]
[Black "Verat,L"]
[Result "0-1"]
[WhiteElo "2113"]
[BlackElo "2327"]

1.Nf3 d5 2.c4 dxc4 3.e3 e6 4.Bxc4 Nf6 5.d4 c5 6.Nc3 Be7 7.O-O Nc6 8.a3 O-O
9.Qe2 cxd4 10.Rd1 e5 11.exd4 exd4 12.Nb5 Bg4 13.Be3 Bc5 14.b4 Bb6 15.Ra2 a6
16.Nbxd4 Nxd4 17.Bxd4 Bxd4 18.Rad2 Bxf2+ 19.Qxf2 Qc7 20.Rd4 Bh5 21.Bd3 Rad8
22.Bf5 Rxd4 23.Qxd4 Bxf3 24.gxf3 Qe7 25.Bd3 Re8 26.Bc4 g6 27.Kf2 b5 28.Bf1 Nh5
29.Qc5 Qh4+ 30.Kg1 Qf4 31.Bg2 Qe3+ 32.Qxe3 Rxe3 33.Ra1 Nf4 34.Ra2 g5 35.Kf2 Rb3
36.Bf1 Kg7 37.Kg3 Rb1 38.Bh3 Rg1+  0-1

[Event "zt 3.3"]
[Site "Yongchuan CHN"]
[Date "2003.07.17"]
[Round "6"]
[White "Zhao Jun"]
[Black "Zhang Pengxiang"]
[Result "0-1"]
[WhiteElo "2447"]
[BlackElo "2567"]

1.Nf3 d5 2.c4 c6 3.d4 Nf6 4.e3 e6 5.Nbd2 Nbd7 6.Bd3 c5 7.O-O cxd4 8.exd4 dxc4
9.Nxc4 Be7 10.Qe2 O-O 11.Nce5 b6 12.Ng5 Bb7 13.Re1 Bd5 14.Bd2 a5 15.a3 Qc7
16.Rac1 Qb7 17.Bf4 Rad8 18.Ba6 Qa8 19.Bb5 Bd6 20.Bg3 Bb8 21.Rc3 h6 22.Ngxf7 Rxf7
23.Nxf7 Kxf7 24.Bc6 Bxc6 25.Qxe6+ Kg6 26.Rxc6 Bxg3 27.hxg3 Kh7 28.Qf5+ Kh8
29.Ree6 Rf8 30.Qg6 Qd8 31.Rcd6 Qc7 32.Rc6 Qd8 33.Qf5 Nb8 34.Rcd6 Qc7 35.Qf4 Nh7
36.Qd2 Ng5 37.Rg6 Ne4 38.Rxh6+ Kg8 39.Qd3 Nxd6 40.Qh7+ Kf7 41.Qg6+ Kg8 42.Qh7+ Kf7
43.Qg6+ Ke7 44.Qe6+ Kd8 45.Qxd6+ Nd7 46.Qxc7+ Kxc7 47.Rg6 Rf7 48.b4 Nf8 49.Rg4 a4
50.b5 Kd6 51.d5 Ra7 52.Rf4 Ng6 53.Rd4 Ne5 54.f4 Kc5  0-1

[Event "Open"]
[Site "Ikaros GRE"]
[Date "2003.07.18"]
[Round "7"]
[White "Nikolaou,G"]
[Black "Panagiotopolous,A"]
[Result "1-0"]
[WhiteElo "2218"]
[BlackElo "2111"]

1.Nf3 d5 2.c4 d4 3.g3 g6 4.Bg2 Bg7 5.d3 e5 6.O-O Ne7 7.e3 dxe3 8.fxe3 Nbc6
9.Qe2 Bf5 10.Rd1 O-O 11.h3 h5 12.Nc3 Qd7 13.Kh2 Rad8 14.e4 Be6 15.Nd5 Nd4
16.Nxd4 exd4 17.Bf4 c6 18.Nc7 Kh7 19.Nxe6 fxe6 20.h4 c5 21.Rf1 Nc6 22.e5 Ne7
23.Be4 Nf5 24.g4 hxg4 25.Qxg4 Rh8 26.Rf3 Kg8 27.Rh3 Qf7 28.Rg1 Rf8 29.h5 Rxh5
30.Rxh5 gxh5 31.Qg5 Qe7 32.Bxf5 Qxg5 33.Bxe6+  1-0

[Event "BCSA Open"]
[Site "Batumi GEO"]
[Date "2003.07.19"]
[Round "3"]
[White "Khotenashvili,B"]
[Black "Borchashvili,S"]
[Result "1-0"]
[WhiteElo "2240"]
[BlackElo "2027"]

1.Nf3 d5 2.c4 e6 3.Qc2 Nf6 4.g3 c6 5.b3 g6 6.Bb2 Bg7 7.Bg2 Nbd7 8.d3 b6 9.Nbd2 Bb7
10.e4 O-O 11.O-O Rc8 12.Rae1 Qc7 13.Bh3 dxe4 14.dxe4 Rfd8 15.e5 Ne8 16.Re2 Nc5
17.Ne1 Qd7 18.Bc3 Nd3 19.Ndf3 Nxe1 20.Nxe1 c5 21.Re3 Qd1 22.Qb2 Qd7 23.Bg2 Bxg2
24.Nxg2 Nc7 25.f4 a6 26.g4 Kh8 27.Qf2 Rf8 28.g5 Rfe8 29.Rh3 h5 30.gxh6 Bf8
31.f5 Re7 32.fxg6 fxg6 33.Qf6+ Kh7 34.Nh4 Qe8 35.Nf3  1-0

[Event "18th Touraine Open"]
[Site "Avoine FRA"]
[Date "2003.07.20"]
[Round "2"]
[White "Tetenkina,I"]
[Black "Dumitrache,D"]
[Result "1/2-1/2"]
[WhiteElo "2247"]
[BlackElo "2492"]

1.Nf3 d5 2.c4 c6 3.cxd5 cxd5 4.d4 Nc6 5.Nc3 Nf6 6.Bf4 Bf5 7.e3 e6 8.Qb3 Qb6
9.Qxb6 axb6 10.Bb5 Nd7 11.Ke2 Be7 12.Rhc1 O-O  1/2-1/2

[Event "25th Politiken Cup"]
[Site "Copenhagen DEN"]
[Date "2003.07.20"]
[Round "7"]
[White "Christensen,C"]
[Black "Pedersen,St"]
[Result "1-0"]
[WhiteElo "2113"]
[BlackElo "2416"]

1.Nf3 d5 2.c4 c6 3.d4 Nf6 4.e3 Bf5 5.Nc3 e6 6.Nh4 Bg6 7.Be2 Bd6 8.b3 Bb4
9.Bd2 Bxc3 10.Bxc3 Ne4 11.Nxg6 hxg6 12.Qc2 Qh4 13.Bf3 Nxc3 14.Qxc3 Nd7 15.Qb4 Rb8
16.Qd6 Qe7 17.Qxe7+ Kxe7 18.Rc1 g5 19.h3 Rbc8 20.Kd2 Kd6 21.Rhd1 Nf6 22.Kd3 Rc7
23.Rc2 Rhc8 24.Rdc1 b6 25.c5+ bxc5 26.Rxc5 Nd7 27.Ra5 c5 28.dxc5+ Nxc5+ 29.Ke2 Nd7
30.Ra6+ Ke7 31.Rxc7 Rxc7 32.Kd2 Ne5 33.Ra5 Kd6 34.b4 Nd7 35.Be2 Ne5 36.Ra6+ Ke7
37.a4 Nc6 38.b5 Nb4 39.Ra5 Kd7 40.b6 axb6 41.Rb5 Na6 42.Rxb6 Nc5 43.f3 Ra7
44.Rb4 Rb7 45.Rxb7+ Nxb7 46.Kc3 Kc6 47.Kd4 Kd6 48.f4 f6 49.g3 e5+ 50.Kc3 Kc5
51.h4 gxh4 52.gxh4 Na5 53.fxe5 fxe5 54.Bd3 Nc6 55.Bc2 Ne7 56.h5 Nc6 57.Bb3 Ne7
58.Bc2 e4 59.a5 Nc6 60.a6 Kb5 61.Bb3 Kc5 62.Ba4 Na7 63.Bd7 Kd6 64.Kd4 Kxd7
65.Kxd5 Ke7 66.Kxe4 Kf6 67.Kf4 Nc6 68.e4 g5+ 69.Kg3 Ke5 70.h6 Kf6 71.e5+ Kg6
72.e6 Kxh6 73.a7  1-0

[Event "TCh-Europe u18"]
[Site "Balatonlelle HUN"]
[Date "2003.07.22"]
[Round "4"]
[White "Barnaure,V"]
[Black "Dimitrijevic,A"]
[Result "1-0"]
[WhiteElo "2317"]
[BlackElo "2383"]

1.Nf3 d5 2.c4 c6 3.b3 Nf6 4.Bb2 e6 5.g3 Be7 6.Bg2 O-O 7.O-O Nbd7 8.Qc2 b6
9.d3 Bb7 10.Nbd2 Rc8 11.Rac1 a5 12.Rfd1 b5 13.e4 Qb6 14.d4 c5 15.e5 Ne4 16.Nxe4 dxe4
17.Nd2 Bg5 18.Bxe4 cxd4 19.Bxb7 Qxb7 20.Bxd4 bxc4 21.bxc4 Rfd8 22.f4 Be7
23.Ne4 Rc6 24.Bf2 Qc7 25.c5 h6 26.Rd3 Rb8 27.Rc3 Rb5 28.Nd6 Rb8 29.a4 Rf8
30.Nb5 Qb8 31.Nd4 Rcc8 32.c6 Nb6 33.c7 Qb7 34.Nb5 Nd5 35.Rc4 Nb4 36.Qe4 Nd5
37.Nd6 Bxd6 38.exd6  1-0

[Event "25th Politiken Cup"]
[Site "Copenhagen DEN"]
[Date "2003.07.22"]
[Round "8"]
[White "Adamski,J"]
[Black "Beliavsky,A"]
[Result "0-1"]
[WhiteElo "2335"]
[BlackElo "2668"]

1.Nf3 d5 2.c4 e6 3.g3 dxc4 4.Bg2 a6 5.O-O Nf6 6.a4 Nc6 7.Qc2 Na5 8.Na3 Qd5
9.Rd1 Bd6 10.d3 cxd3 11.Rxd3 Qc5 12.Qd1 O-O 13.b4 Qxb4 14.Bd2 Qc5 15.Rc1 Qh5
16.h3 e5 17.g4 Bxg4 18.hxg4 Nxg4 19.Bxa5 e4 20.Rd5 f5 21.Bxc7 Bxc7 22.Rxc7 exf3
23.exf3 Qh2+ 24.Kf1 Qxc7 25.fxg4 fxg4 26.Rd3 g3 27.Qb3+ Kh8 28.Rxg3 Qc1+
29.Ke2 Rad8 30.Nc4 b5 31.axb5 axb5 32.Rxg7 Rfe8+ 33.Kf3 bxc4 34.Rxh7+ Kxh7
35.Qb7+ Kh8  0-1

[Event "ch-NED Open"]
[Site "Dieren NED"]
[Date "2003.07.22"]
[Round "1"]
[White "Brokken,D"]
[Black "Ernst,S"]
[Result "0-1"]
[WhiteElo "2187"]
[BlackElo "2468"]

1.Nf3 d5 2.c4 d4 3.g3 Nc6 4.Bg2 e5 5.d3 Nf6 6.O-O a5 7.e3 Be7 8.exd4 exd4
9.h3 O-O 10.Re1 Nd7 11.Nfd2 Nb4 12.Bf1 h6 13.a3 Nc6 14.f4 f5 15.b3 Bf6 16.Nf3 Nc5
17.Ra2 Rb8 18.Qc2 Qd6 19.Rb2 Na6 20.Bd2 Kh8 21.Bg2 Bd7 22.Bxa5 Nxa5 23.b4 Rfe8
24.Rxe8+ Rxe8 25.bxa5 Nc5 26.Kf2 Re3 27.Ne1 Qe7 28.Qd2 Rxe1 29.a6 bxa6  0-1

[Event "ch-GBR"]
[Site "Edinburgh SCO"]
[Date "2003.07.22"]
[Round "8"]
[White "Broomfield,M"]
[Black "Shaw,J"]
[Result "0-1"]
[WhiteElo "2249"]
[BlackElo "2480"]

1.Nf3 d5 2.c4 c6 3.e3 Nf6 4.Nc3 Bg4 5.Qb3 Qb6 6.Ne5 Be6 7.d4 Nbd7 8.Nxd7 Bxd7
9.Na4 Qxb3 10.axb3 a6 11.Bd3 g6 12.Bd2 Bf5 13.Bxf5 gxf5 14.Ba5 e6 15.Nc5 Bxc5
16.dxc5 Nd7 17.Bb4 Rg8 18.Ke2 Rxg2 19.Rag1 Rg6 20.h4 O-O-O 21.h5 Rgg8 22.f4 Nf6  0-1

[Event "Quebec Open"]
[Site "Montreal CAN"]
[Date "2003.07.23"]
[Round "8"]
[White "Schleifer,M"]
[Black "Masse,H"]
[Result "1/2-1/2"]
[WhiteElo "2356"]
[BlackElo "2120"]

1.Nf3 d5 2.c4 e6 3.e3 Nf6 4.d4 c6 5.Nbd2 Nbd7 6.Bd3 Be7 7.O-O O-O 8.e4 dxe4
9.Nxe4 Nxe4 10.Bxe4 Nf6 11.Bc2 c5 12.Be3 Qc7 13.Qe2 b6 14.Ne5 cxd4 15.Bxd4 Bb7
16.Rad1 Rfd8 17.Kh1 Bc5 18.Bc3 Rxd1 19.Rxd1 Rd8 20.Rxd8+ Qxd8 21.h3 Qd6 22.b3 Bd4
23.Qd3 Bc5 24.f3 Qxd3 25.Nxd3 Bd6 26.Bd4 Nh5 27.Kg1 Nf4 28.Nxf4 Bxf4 29.c5 Bc7
30.b4 bxc5 31.Bxc5 a6 32.Bd3 g6 33.a4 f5 34.Bc4 Kf7 35.Kf2 Bc8 36.Ke3 Ke8
37.f4 Kd7 38.b5 axb5 39.Bxb5+ Kd8 40.Bd4 Bd7 41.g3 Ba5 42.Bc5 Kc8 43.g4 fxg4
44.hxg4 h5 45.gxh5 gxh5 46.Be7 Bxb5 47.axb5 Kb7 48.f5  1/2-1/2